Fizyka probnyj pidručnyk dlja 9 klasu zagaľnoosvitnoi školy Častina 2

Podrobná bibliografia
Hlavný autor: Šoler, Kliment, narodený 1904 (Autor)
Médium: Kniha
Jazyk:angličtina
Fyzický popis:132 s.
Vydavateľské údaje: Bratislava Slovenské pedagogické nakladateľstvo 1960
Vydanie:1. vyd.

MARC

LEADER 00000nam a2200000 a 4500
001 vtls009936995
003 SK-MaSNL
005 20260301171940.0
008 240315 xo 000 0 eng
040 |a SNK  |b slo  |c SNK  |e AACR2 
044 |a xo  |c SK 
100 1 |a Šoler, Kliment,  |d narodený 1904  |4 aut  |9 192605 
245 1 |a Fizyka  |b probnyj pidručnyk dlja 9 klasu zagaľnoosvitnoi školy  |n Častina 2  |c Kliment Šoler, Jozef dibelka, Jan Fišer, Emil Kašpar 
250 |a 1. vyd. 
260 |a Bratislava  |b Slovenské pedagogické nakladateľstvo  |c 1960 
300 |a 132 s. 
999 |c 831949  |d 833879 
952 |a SNK  |b SNK  |y PREZ  |7 0  |p 17A0626458  |o snkSD 17804/2  |i snkKSP 2092/60  |3 rekatalogizácia  |0 0  |1 0  |4 0  |d 2009-08-06  |l 0  |r 2025-12-02 00:00:00  |w 2026-02-24